000 01007nam a22002537a 4500
005 20080618111634.0
008 080617t xxu||||| |||| 00| 0 eng d
010 _aENG-90365
020 _c150.00
_a8183985956
035 _aEN-73898
037 _bDBAD / PUB
040 _aDPL
_bEN
082 _a 615.321
100 _aGupta, M.K.
245 _aPragati's text book of pharmacognosy:
_cby M.K. Gupta [and] P.K. Sharma
_b(according to the D. Pharma Ist year syllabus as prescribed by Pharmacy Council of India in Educations Regulation 1991) /
260 _aMeerut
_bPragati Prakashan
_c2008
270 _aPragati Bhawan, 240, W.K, Road,
_bMeerut
_e250001
300 _a280p.:
_c25 cm (pbk)
_bill.
490 _a
500 _aIncludes index
700 _aSharma, P.K.
942 _cEN
_h615.321
_2ddc
_mGUP
999 _c13783
_d13783